<?xml version="1.0" encoding="UTF-8"?>
<record
    xmlns:xsi="http://www.w3.org/2001/XMLSchema-instance"
    xsi:schemaLocation="http://www.loc.gov/MARC21/slim http://www.loc.gov/standards/marcxml/schema/MARC21slim.xsd"
    xmlns="http://www.loc.gov/MARC21/slim">

  <leader>03108nam a22002895a 4500</leader>
  <controlfield tag="008">160804s2003    enk |||frb||| 001 0 eng d</controlfield>
  <datafield tag="020" ind1=" " ind2=" ">
    <subfield code="a">0335200281</subfield>
  </datafield>
  <datafield tag="020" ind1=" " ind2=" ">
    <subfield code="a">9780335200283</subfield>
  </datafield>
  <datafield tag="040" ind1=" " ind2=" ">
    <subfield code="a">EG-ScBUE</subfield>
    <subfield code="b">eng</subfield>
    <subfield code="c">EG-ScBUE</subfield>
  </datafield>
  <datafield tag="082" ind1="0" ind2="4">
    <subfield code="2">22</subfield>
    <subfield code="a">305.407</subfield>
    <subfield code="b">LET</subfield>
  </datafield>
  <datafield tag="100" ind1="1" ind2=" ">
    <subfield code="9">40642</subfield>
    <subfield code="a">Letherby, Gayle&#x200F;.</subfield>
  </datafield>
  <datafield tag="245" ind1=" " ind2=" ">
    <subfield code="a">Feminist research in theory and practice /</subfield>
    <subfield code="c">Gayle Letherby.</subfield>
  </datafield>
  <datafield tag="260" ind1=" " ind2=" ">
    <subfield code="a">Buckingham, Buckinghamshire  ;</subfield>
    <subfield code="a">Philadelphia, Pennsylvania : </subfield>
    <subfield code="b">Open University Press, </subfield>
    <subfield code="c">2003.</subfield>
  </datafield>
  <datafield tag="300" ind1=" " ind2=" ">
    <subfield code="a">x, 193 p. ;</subfield>
    <subfield code="c">24 cm.</subfield>
  </datafield>
  <datafield tag="500" ind1=" " ind2=" ">
    <subfield code="a">Index : p. 181-193.</subfield>
  </datafield>
  <datafield tag="504" ind1=" " ind2=" ">
    <subfield code="a">Bibliography : p. 162-180.</subfield>
  </datafield>
  <datafield tag="505" ind1=" " ind2=" ">
    <subfield code="a">Educating Rita revisited: knowledge and language in the 'male' academy -- United we stand? The feminist reconstruction of knowledge -- Doing it for ourselves: feminist research as theory in action -- Quoting and counting: the qualitative/ quantitative divide -- Whose life is it anyway? Issues of power, empowerment ethics and responsibility -- Texts of many lives: the implications for feminist approach -- Close encounters: presentations and audiences.</subfield>
  </datafield>
  <datafield tag="520" ind1=" " ind2=" ">
    <subfield code="a">"An extremely welcome addition to the field of feminist research." "British Journal of Educational Studies". This is a clear and accessible exploration of feminist method, methodology and epistemology. After situating herself and her work, Gayle Letherby charts the debates concerned with the epistemological, political and practical issues involved in doing feminist research, and places the debates within a wider consideration of the status of knowledge. The main focus of the book is then the particular and practical issues for feminist researchers. It examines how the process of research affects the results of that research, and explores the relation between politics and practice in terms of research and knowledge production. Throughout the book there is a practical emphasis on specific examples of feminist research in action and, as well as summarizing current theoretical debates, Gayle Letherby adds to them.; "Feminist Research in Theory and Practice" is designed and written as a textbook for students (at advanced undergraduate and postgraduate level) but will be a valuable resource for any researcher or individual interested in women's studies, feminism and in researching in the social sciences.</subfield>
  </datafield>
  <datafield tag="650" ind1=" " ind2="7">
    <subfield code="2">BUEsh</subfield>
    <subfield code="9">40643</subfield>
    <subfield code="a">Women's studies</subfield>
    <subfield code="x">Methodology.</subfield>
  </datafield>
  <datafield tag="650" ind1=" " ind2="7">
    <subfield code="9">40644</subfield>
    <subfield code="a">Feminism</subfield>
    <subfield code="x">Research</subfield>
    <subfield code="x">Methodology.</subfield>
    <subfield code="2">BUEsh</subfield>
  </datafield>
  <datafield tag="651" ind1=" " ind2=" ">
    <subfield code="2">BUEsh</subfield>
  </datafield>
  <datafield tag="653" ind1=" " ind2=" ">
    <subfield code="b">EEENG</subfield>
    <subfield code="c">August 2016	</subfield>
  </datafield>
  <datafield tag="653" ind1=" " ind2=" ">
    <subfield code="b">HHUUEENN</subfield>
    <subfield code="c">October2016</subfield>
  </datafield>
  <datafield tag="856" ind1=" " ind2=" ">
    <subfield code="u"> http://eds.a.ebscohost.com/eds/detail/detail?vid=8&amp;sid=7d5c130d-53bb-4905-aa39-d40969e763b5%40sessionmgr4010&amp;hid=4103&amp;bdata=JnNpdGU9ZWRzLWxpdmU%3d#AN=234003&amp;db=e000xww</subfield>
    <subfield code="y">Available as ebook at eBook Academic Collection (EBSCOhost)- On campus access</subfield>
  </datafield>
  <datafield tag="856" ind1=" " ind2=" ">
    <subfield code="u">http://41.33.243.106:2048/login?url=http://eds.a.ebscohost.com/eds/detail/detail?vid=8&amp;sid=7d5c130d-53bb-4905-aa39-d40969e763b5%40sessionmgr4010&amp;hid=4103&amp;bdata=JnNpdGU9ZWRzLWxpdmU%3d#AN=234003&amp;db=e000xww</subfield>
    <subfield code="y">Available as ebook at eBook Academic Collection (EBSCOhost) - Off campus access</subfield>
  </datafield>
  <datafield tag="942" ind1=" " ind2=" ">
    <subfield code="2">ddc</subfield>
    <subfield code="e">22</subfield>
    <subfield code="k">305.407 LET</subfield>
  </datafield>
  <datafield tag="999" ind1=" " ind2=" ">
    <subfield code="c">22111</subfield>
    <subfield code="d">22083</subfield>
  </datafield>
  <datafield tag="952" ind1=" " ind2=" ">
    <subfield code="0">0</subfield>
    <subfield code="1">0</subfield>
    <subfield code="2">ddc</subfield>
    <subfield code="3">Lost In Inventory_2018-08-12</subfield>
    <subfield code="4">0</subfield>
    <subfield code="7">0</subfield>
    <subfield code="8">Baccah</subfield>
    <subfield code="a">MAIN</subfield>
    <subfield code="b">MAIN</subfield>
    <subfield code="c">1ST</subfield>
    <subfield code="d">2016-08-04</subfield>
    <subfield code="e">Purchase</subfield>
    <subfield code="g">715.00</subfield>
    <subfield code="h">25868</subfield>
    <subfield code="l">2</subfield>
    <subfield code="m">26</subfield>
    <subfield code="o">305.407 LET</subfield>
    <subfield code="p">000033145</subfield>
    <subfield code="r">2021-08-18 00:00:00</subfield>
    <subfield code="s">2017-11-08</subfield>
    <subfield code="v">893.00</subfield>
    <subfield code="y">BB</subfield>
  </datafield>
  <datafield tag="952" ind1=" " ind2=" ">
    <subfield code="0">0</subfield>
    <subfield code="1">0</subfield>
    <subfield code="2">ddc</subfield>
    <subfield code="4">0</subfield>
    <subfield code="7">0</subfield>
    <subfield code="8">Baccah</subfield>
    <subfield code="a">MAIN</subfield>
    <subfield code="b">MAIN</subfield>
    <subfield code="c">1ST</subfield>
    <subfield code="d">2016-10-10</subfield>
    <subfield code="e">Purchase</subfield>
    <subfield code="g">265.00</subfield>
    <subfield code="h">26103</subfield>
    <subfield code="l">0</subfield>
    <subfield code="o">305.407 LET</subfield>
    <subfield code="p">000033465</subfield>
    <subfield code="r">2025-07-15 00:00:00</subfield>
    <subfield code="v">332.00</subfield>
    <subfield code="y">BB</subfield>
  </datafield>
</record>
